C.Mác và Ph.Ăng - ghen toàn tập T.31 Thư từ 10/1864 - 12/1867

محفوظ في:
التفاصيل البيبلوغرافية
التنسيق: كتاب
منشور في: H. Chính trị Quốc gia 2004
الموضوعات:
الوسوم: إضافة وسم
لا توجد وسوم, كن أول من يضع وسما على هذه التسجيلة!
Thư viện lưu trữ: Trung tâm Học liệu Lê Vũ Hùng, Trường Đại học Đồng Tháp
LEADER 00684pam a22001938a 4500
001 00016618
005 20171026081022.0
008 110411s2004 ||||||Viesd
041 0 # |a Vie 
082 1 # |a 335.43  |b C000M 
245 0 0 |a C.Mác và Ph.Ăng - ghen toàn tập  |n T.31  |p Thư từ 10/1864 - 12/1867 
260 # # |a H.  |b Chính trị Quốc gia  |c 2004 
300 # # |a 1129 tr.  |c 22 cm. 
653 # # |a C. Mác  |a 1864 - 1867  |a Thư từ  |a Ph.Ăng - ghen 
852 # # |b Kho mượn  |j KM.0001033 
852 # # |j KD.0001942  |b Kho đọc 
852 # # |j KD.0001942  |j KM.0001033 
910 |d 11/04/2011 
980 # # |a Trung tâm Học liệu Lê Vũ Hùng, Trường Đại học Đồng Tháp